[Event "CHN-chB (Women)"]
[Site "Qiziwan"]
[Date "2023.02.04"]
[Round "11"]
[White "Chen, Jinyan"]
[Black "Liu, Tian Yi"]
[Result "1/2-1/2"]
[WhiteElo "1528"]
[BlackElo "1026"]
[PlyCount "42"]
[EventDate "2023.01.30"]
[EventType "swiss"]
[EventRounds "11"]
[EventCountry "CHN"]
[SourceTitle "CBM 212 Extra"]
[Source "ChessBase"]
[SourceDate "2023.03.31"]
[SourceVersion "1"]
[SourceVersionDate "2023.03.31"]
[SourceQuality "1"]

1. d4 d5 2. Nf3 Nf6 3. Bf4 e6 4. e3 c5 5. c3 Bd6 6. Bg3 0-0 7. Nbd2 Qc7 8. Bd3 Nbd7 9. 0-0 Bxg3 10. hxg3 b6 11. e4 dxe4 12. Nxe4 Bb7 13. Qe2 Nxe4 14. Bxe4 Bxe4 15. Qxe4 c4 16. Ne5 Rac8 17. g4 Nxe5 18. dxe5 Rfd8 19. Rad1 b5 20. g3 g6 21. Kg2 a5 1/2-1/2

[Event "CHN-chB (Women)"]
[Site "Qiziwan"]
[Date "2023.02.03"]
[Round "9"]
[White "Wang, Chuqiao"]
[Black "Liu, Tian Yi"]
[Result "1-0"]
[WhiteElo "2083"]
[BlackElo "1026"]
[PlyCount "63"]
[EventDate "2023.01.30"]
[EventType "swiss"]
[EventRounds "11"]
[EventCountry "CHN"]
[SourceTitle "CBM 212 Extra"]
[Source "ChessBase"]
[SourceDate "2023.03.31"]
[SourceVersion "1"]
[SourceVersionDate "2023.03.31"]
[SourceQuality "1"]

1. d4 d5 2. c4 e6 3. Nc3 Nf6 4. cxd5 exd5 5. Bg5 Be7 6. e3 c6 7. Qc2 0-0 8. Bd3 Nbd7 9. Nge2 Re8 10. 0-0 h6 11. Bf4 Bf8 12. h3 Qe7 13. Rfe1 Ne4 14. f3 Nxc3 15. Nxc3 Qf6 16. Bg3 Bd6 17. Bxd6 Qxd6 18. Qf2 Nb6 19. e4 Qg6 20. Kh1 dxe4 21. fxe4 Be6 22. Re3 Bc4 23. Rg3 Qd6 24. e5 Qf8 25. Bc2 Nd7 26. Qf5 g6 27. Qxd7 Re7 28. Qg4 Bd5 29. Nxd5 cxd5 30. Rf1 Qg7 31. Rf6 Kh8 32. Qh4 1-0

[Event "CHN-chB (Women)"]
[Site "Qiziwan"]
[Date "2023.02.01"]
[Round "5"]
[White "Li, Yingxuan"]
[Black "Liu, Tian Yi"]
[Result "1-0"]
[WhiteElo "1642"]
[BlackElo "1026"]
[PlyCount "71"]
[EventDate "2023.01.30"]
[EventType "swiss"]
[EventRounds "11"]
[EventCountry "CHN"]
[SourceTitle "CBM 212 Extra"]
[Source "ChessBase"]
[SourceDate "2023.03.31"]
[SourceVersion "1"]
[SourceVersionDate "2023.03.31"]
[SourceQuality "1"]

1. d4 d5 2. Bf4 Nf6 3. e3 e6 4. Nd2 c5 5. c3 Bd6 6. Bg3 0-0 7. Bd3 Qc7 8. Bxd6 Qxd6 9. f4 Nc6 10. Ngf3 c4 11. Bc2 b5 12. Ne5 a5 13. Qf3 Nd7 14. 0-0 f5 15. a4 Ba6 16. axb5 Bxb5 17. g4 Ne7 18. Qh3 a4 19. Ndf3 Ra6 20. Kh1 Nxe5 21. fxe5 Qd8 22. Ng5 h6 23. Nxe6 Rxe6 24. gxf5 Rb6 25. Rg1 Nxf5 26. Bxf5 Be8 27. Be6+ Kh7 28. Qg2 Qe7 29. Bxd5 Bh5 30. Rxa4 Rg6 31. Qc2 Qh4 32. Be4 Qxe4+ 33. Qxe4 Bf3+ 34. Qxf3 Rxf3 35. Rxg6 Kxg6 36. Rxc4 1-0

[Event "Eastern Asia-ch U12 Girls"]
[Site "Tornelo INT"]
[Date "2021.10.24"]
[Round "8"]
[White "Liu, Tian Yi"]
[Black "Pournami, S."]
[Result "1-0"]
[WhiteElo "1026"]
[BlackElo "1155"]
[PlyCount "53"]
[EventDate "2021.10.22"]
[EventType "swiss"]
[EventRounds "9"]
[EventCountry "NET"]
[SourceTitle "EXT 2023"]
[Source "ChessBase"]
[SourceDate "2022.10.05"]
[SourceVersion "1"]
[SourceVersionDate "2022.10.05"]
[SourceQuality "1"]

1. e4 c5 2. Nf3 e6 3. d4 cxd4 4. Nxd4 Nc6 5. Nc3 Nf6 6. Be2 Bb4 7. 0-0 Bxc3 8. bxc3 Nxe4 9. Nxc6 bxc6 10. Qd4 Nf6 11. Ba3 d5 12. Rfe1 Qa5 13. Bd6 Qd8 14. Ba3 Qa5 15. Bd6 Qd8 16. Qe5 Qd7 17. Rab1 a5 18. c4 Rg8 19. cxd5 Nxd5 20. Rbd1 f6 21. Qg3 e5 22. Bxe5 fxe5 23. c4 Qe6 24. cxd5 cxd5 25. Bh5+ Kf8 26. Rxe5 Qf6 27. Re8# 1-0